000 00235nam a2200097Ia 4500
001 1179125
005 20250827012757.0
008 250824s9999 xx 000 0 und d
245 0 _aSÜTÇÜ İMAM
_cCAHİT ZARİFOĞLU
260 _bKETEBE
999 _c1179125
_d1179125